00879nam a2200193 a 450000100100000000500170001000800410002702000150006804000250008308200150010810000210012324502100014426000340035430000320038850000130042050501220043395201130055599900170066800004309520201002040632.0140218s1993 nyuac 001 0 spa d a068811735X aDO-SdBNPbspacBNPHU axxxxbxxxx1 aVila, Bob97062010aBob Vila's toolbox :bthe ultimate illustrated guide to portable hand and power tools /cBob Vila ; designed by Marjorie Anderson ; photography by Michael Fredericks ; line drawings by Jeffrey Bellantuono. aNew York :bW. Morrow,c1993. axx, 235 p. :bil. ;c29 cm. aToolbox.0 aMeasuring and marking tools --tCutting and drilling tools --tShaping tools --tFastening tools --tSpecialty tools. 001050718MOaGRbGRcCTd2014-02-18iLF1l0oxxxx xxxxp43095-10r2020-06-25w2020-06-25y1ZNo se presta c42584d42584